000 00529nam a2200169Ia 4500
003 GCL
008 140319s9999 xx 000 0 ara d
040 _aGCL /
_cGCL
082 0 4 _a020.5
_bأ م
245 1 0 _aمكتبات . نت ( مج5 \ ع11-12 )
260 _aالقاهرة :
_bايبيس.كوم ،
_c2004
650 0 4 _aالفهارس الالكترونية
650 0 4 _aالمكتبات العربية
650 0 4 _aالمكتبات والمعلومات
650 0 4 _aالفهرس الالكترونى
942 _2ddc
_cCR
999 _c7688
_d7688